Актуальные аспекты психографической сегментации в стратегическом маркетинговом планировании развития туристской дестинации; Актуальные проблемы гуманитарных наук

Bibliografiske detaljer
Parent link:Актуальные проблемы гуманитарных наук.— 2010.— С. 77-82
Hovedforfatter: Кирьянова Л. Г. Лилия Геннадьевна
Sprog:russisk
Udgivet: 2010
Fag:
Format: MixedMaterials Book Chapter
KOHA link:https://koha.lib.tpu.ru/cgi-bin/koha/opac-detail.pl?biblionumber=193203

MARC

LEADER 00000naa2a2200000 4500
001 193203
005 20231031181732.0
035 |a (RuTPU)RU\TPU\book\210714 
090 |a 193203 
100 |a 20110321d2010 k y0rusy50 ca 
101 0 |a rus 
102 |a RU 
200 1 |a Актуальные аспекты психографической сегментации в стратегическом маркетинговом планировании развития туристской дестинации  |f Л. Г. Кирьянова 
320 |a Библиогр.: 4 назв. 
463 0 |0 (RuTPU)RU\TPU\book\205127  |y 978-5-98298-643-6  |t Актуальные проблемы гуманитарных наук  |o сборник трудов IX Международной научно-практической конференции студентов, аспирантов и молодых ученых, 22-23 апреля 2010 г., Томск  |f Национальный исследовательский Томский политехнический университет (ТПУ)  |v С. 77-82  |d 2010  |p 564 с. 
610 1 |a психографология 
610 1 |a маркетинговое планирование 
610 1 |a стратегия 
610 1 |a туризм 
610 1 |a сегментация 
610 1 |a дестинации 
610 1 |a модель Плога 
610 1 |a авантюристы 
610 1 |a психоцентрики 
610 1 |a модель Гэллопа 
610 1 |a модель VALS 
610 1 |a труды учёных ТПУ 
700 1 |a Кирьянова  |b Л. Г.  |c российский философ  |c доцент Томского политехнического университета, кандидат философских наук  |f 1982-  |g Лилия Геннадьевна  |2 stltpush  |3 (RuTPU)RU\TPU\pers\25768 
801 1 |a RU  |b 63413507  |c 20110321 
942 |c BK